Priemyselný design - od živorenia k žiareniu, od zámerov k činom Poznatky a podnety z celoslovenského aktívu na ÚV KSS

Podrobná bibliografia
Hlavný autor: Strečko, Milan (Autor)
Médium: Článok
Jazyk:slovenčina
Fyzický popis:Obr. 1.
Predmet:

MARC

LEADER 00000nab a2200000 a 4500
001 vtls000264428
003 SK-MaSNL
005 20260304012909.0
008 111130c1986 xo 0 slo
015 |a SNBRB19rr/mm-uuuuu 
035 |a CL0274542 
040 |a SNKBUCL  |b slo  |c SNKBUCL  |e AACR2 
041 0 |a slo 
044 |a xo  |c SK 
080 |a 658.512.2  |2 1981 
100 1 |a Strečko, Milan  |4 aut  |9 470928 
245 1 0 |a Priemyselný design - od živorenia k žiareniu, od zámerov k činom  |b Poznatky a podnety z celoslovenského aktívu na ÚV KSS  |c Milan Strečko 
300 |b Obr. 1. 
650 0 7 |a priemyselný dizajn  |2 snkbucl  |9 766 
651 7 |a 5100  |2 snkbucl  |9 166206 
655 7 |a články z novín a časopisov  |2 snkbucl  |9 267496 
773 0 |t Technické noviny  |g Roč. 34, č. 44 (1986), s. 3 
850 |a Slovenská národná knižnica v Martine  |a MTA001 
852 |a SNK  |b KIS3GCP 
958 |a RK 
992 |a RBX 
999 |c 2573633  |d 2575563